00941pam a2200241 a 4500001000800000005001700008008004100025010001700066020001500083040001800098050001900116082001500135100002700150245011600177250001200293260003600305300003300341504005400374505018200428650003500610700003500645700001900680152397620210414113936.0900618s1991 nyuab b 000 0 eng  a 90006534  a0070409994 aDLCcDLCdDLC00aHF5387.M385b 00a174/.42201 aMatthews, John Bowers.10aPolicies and persons :a casebook in business ethics. /cJohn B. Matthews, Kenneth E. Goodpaster, Laura L. Nash. a2nd ed. aNew York :bMcGraw-Hill,c1991. axix, 633 p. :bill.;c25 cm. aIncludes bibliographical references (p. 629-633). aContents: The Case method -- Personal values -- Corporate values: looking inward -- Corporate values: looking outwards -- Corporate values: international business -- Appendixes. 0aBusiness ethicsxCase studies.1 aGoodpaster, Kenneth E.,d1944-1 aNash, Laura L.